000
002510000a22001210004500
082
0
4
_a
GI CD D632dd
110
1
_a
Walt Disney
245
1
0
_a
101 Dalmatians / Walt Disney
300
_a
24 P.
650
1
4
_a
Literatura Infantil
001
228
942
_c
LGB
999
_c
47481
_d
47481